Score 0/7 Timer 03:00
0 Plays Today
Question Answer Wrong Answers
This pop singer's album 'Thriller' tops the charts, where it would stay for 37 weeks.
1983
Michael Jackson
94.4%
Prince
0.5%
Madonna
0.6%
George Michael
1.3%
This man escapes from exile on the island of Elba.
1815
Napoleon Bonaparte
92.2%
Louis XVIII
3.1%
Francis II
1.5%
Alexander I
2.6%
More than 100,000 people attend the groundbreaking ceremony for this San Francisco landmark.
1933
Golden Gate Bridge
91.6%
Alcatraz Federal Penitentiary
2.4%
Fisherman's Wharf
1.3%
Gateway Arch
1.6%
This man, along with Friedrich Engels, publishes 'The Communist Manifesto'.
1848
Karl Marx
91.4%
Vladimir Lenin
2.7%
Leon Trotsky
3.3%
August Bebel
1.1%
President Woodrow Wilson signs a bill to create this Arizona national park.
1919
Grand Canyon
70.5%
Yosemite
9.1%
Yellowstone
12.9%
Death Valley
5.5%
The Roman Inquisition delivers an injunction to stop this man from spreading heliocentrism.
1616
Galileo Galilei
63.7%
Isaac Newton
3.8%
Nicolaus Copernicus
28.2%
Charles Darwin
4.3%
After a failed coup attempt, a trial for treason begins against this man in Munich.
1924
Adolf Hitler
48.6%
Joseph Goebbels
11.5%
Otto von Bismarck
25.4%
Paul von Hindenburg
11.8%
Remove Ads.
Support Sporcle.
Get the best of Sporcle when you Go Orange. This ad-free experience offers more features, more stats, and more fun while also helping to support Sporcle. Thank you for becoming a member.

You're not logged in!

Compare scores with friends on all Sporcle quizzes.
OR
Log In

Show Comments

Extras

Top Quizzes Today


Score Distribution

Your Account Isn't Verified!

In order to create a playlist on Sporcle, you need to verify the email address you used during registration. Go to your Sporcle Settings to finish the process.

Report this User

Report this user for behavior that violates our Community Guidelines.

Details: